| 000 | 00779nam a2200241 a 4500 | ||
|---|---|---|---|
| 001 | 51212 | ||
| 003 | BD-RjUL | ||
| 005 | 20211209075627.0 | ||
| 008 | 160830s1960 wb 001 0 ger d | ||
| 035 | _a(BD-RjUL)51332 | ||
| 040 |
_aBD-RjUL _beng _cBD-RjUL _dBD-RjUL |
||
| 041 | _aeng | ||
| 082 |
_223 _a510 _bSCB 1960 |
||
| 100 | 1 |
_aSchütte, K. _q(Kurt) _9153212 |
|
| 245 | 1 | 0 |
_aBeweistheorie / _cvon Kurt Schütte. |
| 260 |
_aBerlin : _bSpringer-Verlag, _c1960. |
||
| 300 |
_ax, 355 p. ; _c25 cm. |
||
| 500 | _aIncludes index. | ||
| 650 | 0 |
_aProof theory. _9153213 |
|
| 650 | 0 |
_aMathemetics _9144279 |
|
| 830 | 0 |
_aGrundlehren der mathematischen Wissenschaften in Einzeldarstellungen mit besonderer Berücksichtigung der Anwendungsgebiete ; _vBd. 103 _9151001 |
|
| 942 |
_2ddc _cBK |
||
| 999 |
_c51212 _d51212 |
||